000 00538 a2200169 4500
003 NUST
005 20251021113739.0
040 _cNust
082 _a621.382,KHA
100 _aKhan, Humayun Gc (TE-37)
_9131309
245 _aComputerizing an /TPQ-36 locating radar and developing geomedia based digital MPA interface /
_cGc Humayun Khan, GC Rahman Khalid ,GC Adeel Obaid and GC Khuram Irshad
260 _aRawalpindi
_bMCS
_c2004
300 _a50 P.,
650 _aUG Projects
_998716
651 _aTE-37
_9131310
942 _cPR
_2ddc
999 _c183091
_d183091